00402pab a2200157 454500008004000000100002200040245005600062260000900118300001500127362000800142650001400150650001800164700001600182700002100198773002500219180718b2017 xxu||||| |||| 00| 0 eng d aBernhard, Michael aCivil society and democracy in an era of inequality c2017 ap.297-309. aApr aDemocracy aCivil society aBranco, Rui aFernandes, Tiago aComparative Politics